Statistics for MLB Cy Young award winners

Click here to take the quiz!

General Stats

  • This quiz has been taken 564 times
  • The average score is 60 of 108

Answer Stats

Year League Team Answer % Correct
2014NLDodgersKershaw
97%
2011ALTigersVerlander
91%
2002NLDiamondbacksJohnson
88%
2004NLAstrosClemens
85%
2000ALRed SoxMartinez
82%
2010ALMarinersHernandez
80%
1966BothDodgersKoufax
79%
1995NLBravesMaddux
79%
2014ALIndiansKluber
77%
2010NLPhilliesHalladay
77%
2012ALRaysPrice
77%
2013ALTigersScherzer
74%
2009NLGiantsLincecum
71%
1998NLBravesGlavine
71%
1996NLBravesSmoltz
69%
2006ALTwinsSantana
67%
1975NLMetsSeaver
66%
2007ALIndiansSabathia
62%
1982NLPhilliesCarlton
61%
1970NLCardinalsGibson
61%
1976ALOriolesPalmer
60%
2008ALIndiansLee
59%
2009ALRoyalsGreinke
58%
1985NLMetsGooden
56%
2012NLMetsDickey
55%
1961BothYankeesFord
55%
2005NLCardinalsCarpenter
54%
1989ALRoyalsSaberhagen
54%
1992ALAthleticsEckersley
50%
1962BothDodgersDrysdale
50%
2002ALAthleticsZito
47%
1981NLDodgersValenzuela
46%
1988NLDodgersHershiser
46%
1974ALAthleticsHunter
45%
1981ALBrewersFingers
43%
1971NLCubsJenkins
42%
1971ALAthleticsBlue
41%
1986NLAstrosScott
41%
1978ALYankeesGuidry
40%
1978NLPadresPerry
40%
1994ALRoyalsCone
39%
2005ALAngelsColon
38%
2007NLPadresPeavy
38%
1969ALTigersMcLain
38%
1957BothBravesSpahn
36%
1988ALTwinsViola
34%
2003NLDodgersGagne
32%
1976NLPadresJones
32%
2006NLDiamondbacksWebb
31%
1984NLCubsSutcliffe
30%
1993ALWhite SoxMcDowell
30%
1990NLPiratesDrabek
30%
1990ALAthleticsWelch
29%
1969ALOriolesCuellar
25%
1956BothDodgersNewcombe
25%
1979NLCubsSutter
25%
1996ALBlue JaysHentgen
24%
1980ALOriolesStone
24%
1979ALOriolesFlanagan
23%
1977ALYankeesLyle
22%
1974NLDodgersMarshall
20%
1989NLPadresDavis
20%
1967ALRed SoxLonborg
19%
1987NLPhilliesBedrosian
19%
1983ALRed SoxHoyt
18%
1964BothAngelsChance
17%
1983NLPhilliesDenny
17%
1982ALBrewersVuckovich
16%
1959BothRed SoxWynn
14%
1958BothYankeesTurley
12%
1967NLGiantsMcCormick
11%
1960BothPiratesLaw
11%

Score Distribution

Percentile by Number Answered

Percent of People with Each Score

Your Score History

You have not taken this quiz